Państwa z 1 sąsiadem #2 - Statystyki

Ogólne statystyki
  • Ten quiz został rozwiązany 88 razy
    25 od ostatniego zresetowania
  • Średni wynik to 7 z 8
Statystyki odpowiedzi
Wskazówka Odpowiedź % Poprawnych
Wielka Brytania Irlandia
100%
Irlandia Wielka Brytania
100%
Niemcy Dania
95%
Stany Zjednoczone Kanada
95%
Włochy San Marino
95%
Haiti Dominikana
81%
Papua Nowa Gwinea Indonezja
76%
Malezja Brunei
67%
Nie znaleziono quizów pasujących do podanych kryteriów
Rozkład punktacji
Procent ludzi z każdym wynikiem
Percentyl według liczby udzielonych odpowiedzi
Twoja historia wyników
Nie rozwiązałeś tego quizu od ostatniego zresetowania